Flags of North America and the Caribbean - Statistics

General Stats
  • This quiz has been taken 31 times
  • The average score is 13 of 15
Answer Stats
Picture Answer % Correct
Canada
100%
Mexico
100%
United States
100%
Cuba
96%
Jamaica
96%
Honduras
92%
Nicaragua
92%
Panama
92%
Belize
88%
Guatemala
83%
Dominican Republic
79%
Saint Lucia
79%
Puerto Rico
75%
Saint Kitts and Nevis
71%
Greenland
58%
No matching quizzes found
Score Distribution
Percent of People with Each Score
Percentile by Number Answered
Your Score History
You have not taken this quiz